000 01641nab a22002897a 4500
999 _c5277
_d5277
003 OSt
005 20251215125022.0
008 190429b xxu||||| |||| 00| 0 spa d
040 _cPJ
100 _aGalmes, Paloma
_96511
245 1 0 _aValoración probatoria con perspectiva de género, violencia vicaria y circunstancias extraordinarias de atenuación en una tentativa de homicidio doblemente agravado /
_cPaloma Galmes.
260 _cCiudad Autónoma de Buenos Aires :
_aThomson Reuters La Ley,
_b2025.
300 _ap. 64-71
500 _aCita: AR/DOC/1664/2024.
505 _aSumario: I. La resolución del Tribunal de Impugnación Penal de La Pampa en el caso "C., Y. A. s/ recurso de impugnación".— II. Valoración de la prueba tendiente a acreditar la violencia de género.— III. Violencia vicaria y los estereotipos de la mujer-madre.— IV. Las circunstancias extraordinarias de atenuación del art. 80 y su aplicación en el presente caso.— V. Conclusiones.
505 _tFallo comentado: Trib. Impugnación Penal, Santa Rosa, Sala A ~ 03/04/2024 ~ C., Y. A. s/recurso de impugnación.
505 _tSi te interesa el texto completo, solicitalo a koha@justierradelfuego.gov.ar
650 0 _9343
_aDERECHO PENAL
650 0 _93053
_aVIOLENCIA DE GÉNERO
650 0 _94044
_aPERSPECTIVA DE GÉNERO
650 0 _92480
_aCODIGO PENAL
650 0 _92913
_aHOMICIDIO
650 0 _93000
_aTENTATIVA
651 0 _94349
_aLA PAMPA
773 0 _02658
_93164
_tRevista de derecho penal y criminología. Nº 1 - Febrero 2025
_dCiudad Autónoma de Buenos Aires : Thomson Reuters La Ley, 2017-
_x00347914
942 _2udc
_cANA